|
|
|
|
| LEADER |
01177nam a2200277 a 4500 |
| 001 |
16493 |
| 003 |
BD-DhAAL |
| 008 |
090702s2001 nyua b 000 0 eng d |
| 010 |
|
|
|a 00107989
|
| 020 |
|
|
|a 0500282668
|
| 040 |
|
|
|a DLC
|c DLC
|d BD-DhAAL
|
| 082 |
0 |
0 |
|a 720
|2 21
|
| 100 |
1 |
|
|a LeCuyer, Annette W.
|9 31795
|
| 245 |
1 |
0 |
|a Radical tectonics /
|c Annette LeCuyer.
|
| 260 |
|
|
|a New York, N.Y. :
|b Thames & Hudson,
|c c2001.
|
| 300 |
|
|
|a 128 pages :
|b illustrations (some colors) ;
|c 25 cm
|
| 490 |
|
|
|a 4 x 4 (Series)
|
| 504 |
|
|
|a Includes bibliographical references (pages 127-128).
|
| 526 |
|
|
|a ARC
|x Huraera Jabeen
Faculty member of Department of Architecture
|
| 541 |
1 |
|
|e 16493
|a Zeenat Book Supply Limited
|
| 650 |
|
0 |
|a Architecture, Modern
|y 20th century.
|9 31796
|
| 830 |
|
0 |
|a 4 x 4 (Series)
|9 31797
|
| 852 |
4 |
|
|a Ayesha Abed Library
|c General Stacks
|
| 942 |
|
|
|2 ddc
|c BK
|
| 999 |
|
|
|c 1980
|d 1980
|
| 952 |
|
|
|0 0
|1 0
|2 ddc
|4 0
|6 720_LEC_200100000000000
|7 0
|9 1817
|a BRACUL
|b BRACUL
|c GEN
|d 2009-07-02
|e Zeenat Book Supply Limited
|g 2093.00
|l 7
|m 49
|o 720 LEC
|p 3010016493
|r 2025-01-02
|s 2024-07-15
|t 1
|w 2009-07-02
|y BK
|x Requisitioned by Huraera Jabeen, Faculty member of Department of Architecture (ARC).
|